[Event "Dewan Astana Karnival op (Women)"]
[Site "Dewan Astana"]
[Date "2015.07.30"]
[Round "2"]
[White "Leong, Yee May"]
[Black "Nurwahida, Atira Nordin"]
[Result "0-1"]
[WhiteElo "1308"]
[BlackElo "1483"]
[PlyCount "146"]
[EventDate "2015.07.29"]
[EventType "swiss"]
[EventRounds "7"]
[EventCountry "MAS"]
[SourceTitle "EXT 2017"]
[Source "ChessBase"]
[SourceDate "2016.10.25"]
[SourceVersion "1"]
[SourceVersionDate "2016.10.25"]
[SourceQuality "1"]

1. d4 Nf6 2. Nf3 g6 3. Bf4 Bg7 4. e3 0-0 5. Nc3 d6 6. Bd3 Nbd7 7. 0-0 c5 8. d5 a6 9. e4 b5 10. Qd2 c4 11. Be2 Nc5 12. e5 dxe5 13. Bxe5 Bb7 14. Rad1 Qb6 15. Qf4 b4 16. Bxf6 Qxf6 17. Qxf6 Bxf6 18. Nb1 Bxb2 19. Bxc4 Rad8 20. Rfe1 Bf6 21. Ne5 Rd6 22. c3 a5 23. cxb4 axb4 24. a3 bxa3 25. Nxa3 Rfd8 26. Nb5 Bxe5 27. Rxe5 R6d7 28. Nc3 Ba6 29. Bxa6 Nxa6 30. Re2 Rc8 31. Re3 Nb4 32. h4 Rc5 33. g4 Kf8 34. h5 Nxd5 35. Nxd5 Rcxd5 36. Rxd5 Rxd5 37. h6 f6 38. Kg2 Kf7 39. Rb3 Rg5 40. Kg3 Rd5 41. Rb8 g5 42. Kf3 Re5 43. Ra8 Kg6 44. Kg3 Kxh6 45. Rg8 Re4 46. Rd8 Kg7 47. Rd3 Kf7 48. Rf3 Re1 49. Rf5 Rh1 50. Kf3 h5 51. gxh5 Rxh5 52. Kg4 Rh4+ 53. Kg3 e5 54. Rf3 Ke6 55. Rc3 Rd4 56. Rc6+ Kf5 57. f3 Rd3 58. Kf2 Rd4 59. Ke2 g4 60. fxg4+ Rxg4 61. Ke3 Kg5 62. Kf3 f5 63. Rc8 e4+ 64. Kf2 Kf4 65. Rc3 Rg6 66. Rh3 Rc6 67. Rh4+ Kg5 68. Rh3 f4 69. Rb3 Rc2+ 70. Ke1 f3 71. Kd1 Ra2 72. Rb5+ Kf4 73. Rb1 f2 0-1